LEADER 00716nam a2200169 i 4500 001 000000153175 003 CaOOAMICUS 005 20060914000000.0 008 060914n it u000 u ita u 013 $a130516 040 $aSeMil$bita 245 10$aRelazione a S. E. il Prof. P. Bertolini, Ministro delle Colonie. 300 $aXXXVI, 431 p. :$bill., [40] p. di tav. + 1 c. geogr. ripiegata. 773 0 $tTripolitania settentrionale.$dRoma : Tip. nazionale di G. Bertero e C., 1913.$gVolume1$w()16345 850 $aSeMil 852 $aSeMil$W1$xVenegono$y1$m4Y IV 12$j105119$B105119$CSeMilBibl$Z2$F114350 $81 996 $6245$aRelazione a S. E. il Prof. P. Bertolini, Ministro delle Colonie$9(OLS)http://semarc/title/224043 LEADER 01204nam a2200229 i 4500 001 000000242911 003 CaOOAMICUS 005 20150618000000.0 008 150618s1824 it u000 u lat u 013 $a221816 026 $aunta vaa- ons; tegi (3) 1824 (Q) 040 $aSeMil$bita 245 10$aMeditazioni dalla 1. domenica dell'Avvento sino alla settuagesima. 300 $a[8], 282, [6] p., [1] carta di tav. :$bantip. 500 $aAntiporta calcogr. incisa da Angelo Marabini. 700 1 $aMarabini, Angelo .$0(OLS)http://semarc/name/82057 773 0 $aNoüet, Jacques $tVita di Gesù Cristo meditata. Meditazioni per tutti i giorni dell'anno ricavate dalle opere del celebre P. Giacomo Novet della Compagnia di Gesù tradotte dal francese e disposte in buon metodo .. da un sacerdote dell'Oratorio di S. Filippo Neri.$dAncona : A spese di Cesare Angelo Sartori, 1824.$gTomo1$w()32065 850 $aSeMil 852 $aSeMil$W1$xVenegono$y1$m3F II 304 FA$j193257$B193257$CSeMilBibl$Z2$F204060 $8I 941 1 $a10 961 $aRecupero: Mantegazza 996 $6245$aMeditazioni dalla 1. domenica dell'Avvento sino alla settuagesima$9(OLS)http://semarc/title/344722